<?xml version="1.0" encoding="UTF-8"?>
<record
    xmlns:xsi="http://www.w3.org/2001/XMLSchema-instance"
    xsi:schemaLocation="http://www.loc.gov/MARC21/slim http://www.loc.gov/standards/marcxml/schema/MARC21slim.xsd"
    xmlns="http://www.loc.gov/MARC21/slim">

  <leader>01635nam a2200217Ia 4500</leader>
  <controlfield tag="003">Ost</controlfield>
  <controlfield tag="005">20260507075657.0</controlfield>
  <controlfield tag="008">260507s9999||||xx |||||||||||||| ||und||</controlfield>
  <datafield tag="040" ind1=" " ind2=" ">
    <subfield code="c">fsecg</subfield>
  </datafield>
  <datafield tag="041" ind1=" " ind2=" ">
    <subfield code="a">ara</subfield>
  </datafield>
  <datafield tag="082" ind1=" " ind2=" ">
    <subfield code="a">341.759</subfield>
  </datafield>
  <datafield tag="100" ind1=" " ind2=" ">
    <subfield code="a">&#x62C;&#x627;&#x628;&#x631;&#x60C; &#x639;&#x628;&#x62F; &#x627;&#x644;&#x631;&#x624;&#x648;&#x641;</subfield>
    <subfield code="e">&#x645;&#x624;&#x644;&#x641;</subfield>
  </datafield>
  <datafield tag="245" ind1=" " ind2="0">
    <subfield code="a">&#x627;&#x644;&#x648;&#x62C;&#x64A;&#x632; &#x641;&#x64A; &#x639;&#x642;&#x648;&#x62F; &#x627;&#x644;&#x62A;&#x646;&#x645;&#x64A;&#x629; &#x627;&#x644;&#x62A;&#x642;&#x646;&#x64A;&#x629; /</subfield>
    <subfield code="c"> &#x639;&#x628;&#x62F; &#x627;&#x644;&#x631;&#x624;&#x648;&#x641; &#x62C;&#x627;&#x628;&#x631;</subfield>
  </datafield>
  <datafield tag="260" ind1=" " ind2=" ">
    <subfield code="a">&#x628;&#x64A;&#x631;&#x648;&#x62A;: </subfield>
    <subfield code="b">&#x645;&#x646;&#x634;&#x648;&#x631;&#x627;&#x62A; &#x627;&#x644;&#x62D;&#x644;&#x628;&#x64A; &#x627;&#x644;&#x62D;&#x642;&#x648;&#x642;&#x64A;&#x629;, </subfield>
    <subfield code="c">2005</subfield>
  </datafield>
  <datafield tag="300" ind1=" " ind2=" ">
    <subfield code="a">268  &#x635;&#x641;&#x62D;&#x629;&#x61B; </subfield>
    <subfield code="b">&#x625;&#x64A;&#x636;&#x627;&#x62D;&#x627;&#x62A; &#x61B;</subfield>
    <subfield code="c">24 &#x633;&#x645;</subfield>
  </datafield>
  <datafield tag="504" ind1=" " ind2=" ">
    <subfield code="a">&#x627;&#x644;&#x645;&#x631;&#x627;&#x62C;&#x639; &#x635;.257</subfield>
  </datafield>
  <datafield tag="520" ind1=" " ind2=" ">
    <subfield code="a">&#x627;&#x644;&#x62A;&#x646;&#x638;&#x64A;&#x645;  &#x627;&#x644;&#x642;&#x627;&#x646;&#x648;&#x646;&#x64A; &#x644;&#x646;&#x642;&#x644; &#x627;&#x644;&#x639;&#x644;&#x648;&#x645; &#x627;&#x644;&#x62A;&#x637;&#x628;&#x64A;&#x642;&#x64A;&#x629;(&#x62A;&#x643;&#x646;&#x648;&#x644;&#x648;&#x62C;&#x64A;&#x627;): &#x627;&#x644;&#x62C;&#x647;&#x648;&#x62F; &#x627;&#x644;&#x62F;&#x648;&#x644;&#x64A;&#x629; &#x644;&#x62A;&#x646;&#x638;&#x64A;&#x645; &#x646;&#x642;&#x644; &#x627;&#x644;&#x639;&#x644;&#x648;&#x645; &#x627;&#x644;&#x62A;&#x637;&#x628;&#x64A;&#x642;&#x64A;&#x629;&#x60C; &#x627;&#x644;&#x62F;&#x64A;&#x628;&#x627;&#x62C;&#x629; &#x648;&#x623;&#x647;&#x62F;&#x627;&#x641; &#x627;&#x644;&#x62A;&#x642;&#x646;&#x64A;&#x646; &#x648;&#x623;&#x635;&#x648;&#x644;&#x647; &#x627;&#x644;&#x639;&#x627;&#x645;&#x629;&#x60C; &#x627;&#x644;&#x62A;&#x639;&#x627;&#x631;&#x64A;&#x641; &#x648;&#x646;&#x637;&#x627;&#x642; &#x627;&#x644;&#x62A;&#x637;&#x628;&#x64A;&#x642;&#x60C; &#x627;&#x644;&#x636;&#x645;&#x627;&#x646;&#x627;&#x62A; &#x648;&#x627;&#x644;&#x645;&#x633;&#x624;&#x648;&#x644;&#x64A;&#x627;&#x62A; &#x648;&#x627;&#x644;&#x62A;&#x639;&#x647;&#x62F;&#x627;&#x62A;&#x60C; &#x645;&#x639;&#x627;&#x645;&#x644;&#x629; &#x62E;&#x627;&#x635;&#x629; &#x644;&#x644;&#x62F;&#x648;&#x644; &#x627;&#x644;&#x646;&#x627;&#x645;&#x64A;&#x629;&#x60C; &#x627;&#x644;&#x62A;&#x639;&#x627;&#x648;&#x646; &#x627;&#x644;&#x62F;&#x648;&#x644;&#x64A; &#x641;&#x64A; &#x645;&#x62C;&#x627;&#x644; &#x646;&#x642;&#x644; &#x627;&#x644;&#x639;&#x644;&#x648;&#x645;.  &#x639;&#x642;&#x62F; &#x646;&#x642;&#x644; &#x627;&#x644;&#x639;&#x644;&#x648;&#x645; &#x627;&#x644;&#x62A;&#x637;&#x628;&#x64A;&#x642;&#x64A;&#x629;: &#x628;&#x64A;&#x627;&#x646; &#x627;&#x644;&#x639;&#x642;&#x62F;&#x60C; &#x639;&#x642;&#x62F; &#x62A;&#x633;&#x644;&#x64A;&#x645; &#x60C;&#x627;&#x646;&#x62A;&#x627;&#x62C;&#x60C; &#x639;&#x642;&#x62F; &#x627;&#x644;&#x645;&#x633;&#x627;&#x639;&#x62F;&#x629; &#x627;&#x644;&#x641;&#x646;&#x64A;&#x629;&#x60C; &#x639;&#x642;&#x62F; &#x62A;&#x633;&#x644;&#x64A;&#x645; &#x627;&#x644;&#x645;&#x641;&#x62A;&#x627;&#x62D;: &#x627;&#x646;&#x634;&#x627;&#x621; &#x627;&#x644;&#x639;&#x642;&#x62F;&#x60C; &#x627;&#x644;&#x62A;&#x632;&#x627;&#x645;&#x627;&#x62A; &#x627;&#x644;&#x645;&#x642;&#x627;&#x648;&#x644;&#x60C; &#x627;&#x644;&#x62A;&#x632;&#x627;&#x645;&#x627;&#x62A; &#x627;&#x644;&#x639;&#x645;&#x64A;&#x644;&#x60C; &#x627;&#x644;&#x62A;&#x62E;&#x644;&#x641; &#x639;&#x646; &#x627;&#x644;&#x62A;&#x646;&#x641;&#x64A;&#x630; &#x648;&#x627;&#x644;&#x645;&#x633;&#x624;&#x648;&#x644;&#x64A;&#x629;&#x60C; &#x627;&#x633;&#x62A;&#x62D;&#x627;&#x644;&#x629; &#x627;&#x644;&#x62A;&#x646;&#x641;&#x64A;&#x630; &#x648;&#x62A;&#x63A;&#x64A;&#x64A;&#x631; &#x638;&#x631;&#x648;&#x641; &#x627;&#x644;&#x639;&#x642;&#x62F;&#x60C; &#x627;&#x644;&#x642;&#x627;&#x646;&#x648;&#x646; &#x627;&#x644;&#x648;&#x627;&#x62C;&#x628; &#x627;&#x644;&#x62A;&#x637;&#x628;&#x64A;&#x642; &#x648;&#x641;&#x636; &#x627;&#x644;&#x645;&#x646;&#x627;&#x632;&#x639;&#x627;&#x62A;.</subfield>
  </datafield>
  <datafield tag="653" ind1=" " ind2=" ">
    <subfield code="a">&#x627;&#x644;&#x639;&#x642;&#x648;&#x62F; &#x627;&#x644;&#x62A;&#x62C;&#x627;&#x631;&#x64A;&#x629;</subfield>
  </datafield>
  <datafield tag="653" ind1=" " ind2=" ">
    <subfield code="a">&#x627;&#x644;&#x639;&#x642;&#x648;&#x62F;- &#x627;&#x644;&#x642;&#x627;&#x646;&#x648;&#x646; &#x627;&#x644;&#x645;&#x62F;&#x646;&#x64A;</subfield>
  </datafield>
  <datafield tag="942" ind1=" " ind2=" ">
    <subfield code="c">&#x643;&#x62A;&#x627;&#x628;</subfield>
  </datafield>
  <datafield tag="999" ind1=" " ind2=" ">
    <subfield code="c">45727</subfield>
    <subfield code="d">45727</subfield>
  </datafield>
</record>
